000 00649nam a2200229 a 4500
008
020 _a0333153812 (pbk.)
049 _aMAIN
090 _aQD502
100 1 _aAvery, Harold Eric.
245 1 0 _aBasic reaction kinetics and mechanisms /
_cby H. E. Avery.
260 _aLondon :
_bMacmillan,
_c1974
300 _ax, 174 p. ;
_c22 cm.
504 _aIncludes index.
650 0 _aChemical kinetics.
650 0 _aChemical reaction, Conditions and laws of.
907 _a.b10049423
_b24-07-04
_c17-04-03
003
005 20230123133717.0
040 _cNUST
942 _cBOOKS
_kQD502
999 _c153309
_d153309